| 000 | 00684nam a2200217Ia 4500 | ||
|---|---|---|---|
| 003 | OSt | ||
| 005 | 20230429122708.0 | ||
| 008 | 210423s2013 xx 000 0 und d | ||
| 020 | _a978-0-19-807545-5 | ||
| 040 | _cAL | ||
| 041 | _aeng | ||
| 082 |
_a332.042 _223 _bSIKO |
||
| 100 |
_aSIKDAR (Soumyen (Sikdar) _995287 |
||
| 245 | _aOxford India short introduction: capital flows and exchange rate management | ||
| 260 |
_aNew Delhi _bOxford University Press _c2013 |
||
| 300 |
_axiv,135 _bPB |
||
| 365 |
_b235 _cINR |
||
| 650 |
_aFinancial Economics _995288 |
||
| 906 | _acapital ; exchange ; flows ; India ; introduction: ; management ; Oxford ; rate ; short | ||
| 942 |
_2ddc _cBK |
||
| 999 |
_c170488 _d170488 |
||